000 00355nam a2200133Ia 4500
008 231129s1976||||xx |||||||||||||| ||spa||
040 _beng
082 _a428 C353e (EN PROCESO DE DESCARTE) Vols. 1 y 5
100 _aCastle John
245 0 _aEnglish: imitate and learn
260 _c1976
264 _aMedellí­n Colombia: Bedout
942 _2ddc
_cBKS
999 _c13089
_d13089